00347nam a2200085Ia 4500008004100000245007100041260000900112300010700121650003300228180130s9999 xx 000 0 und d cSudak, Donna M.aFeedback in cognitive behavioral therapy training c2016 aBook title: Teaching and supervising cognitive behavioral therapy--Acession number C20879; pages 85-96 aCOGNITIVE BEHAVIORAL THERAPY